000 01080cab a2200253 4500
001 X1763
008 090401t1994 xxu||||| |||| 00| 0 eng d
035 _a(Sirsi) u19104
041 _aeng
245 _aTower Hamlets LBC v SoS Environment and Nolan
260 _c1994
350 _a0
490 _aJournal of Planning and Environment Law
_v(1994) JPL 1112-1116(5)
520 _aQBD 30 November 1993. Enforcement notices- Class 1A General Development Order- enlargement, improvement or other alteration of a dwelling house- cement and pebble dash rendering to front of dwelling house- paragraph A.2, Article 1(5) land- stone cladding excluded- rendering, followed by a dressing of chips or flecks of stone did not fall within meaning of `cladding...with stone`.
650 _aENFORCEMENT NOTICES
650 _aGENERAL DEVELOPMENT ORDERS
650 _aPEBBLE DASH
650 _aRENDERING
650 _aSTONE CLADDING
650 _aTOWER HAMLETS LBC V SOS ENVIRONMENT AND NOLAN
690 _aPLANNING LAW AND PRACTICE-CASE LAW
942 _n0
948 _c04/03/1997
999 _c12721
_d12721